শতবর্ষে নাট্যশালা / (Record no. 48710)
[ view plain ]
| 000 -LEADER | |
|---|---|
| fixed length control field | 01224nam a2200253 a 4500 |
| 001 - CONTROL NUMBER | |
| control field | 48710 |
| 003 - CONTROL NUMBER IDENTIFIER | |
| rucl marc code | BD-RjUL |
| 005 - DATE AND TIME OF LATEST TRANSACTION | |
| control field | 20211209054554.0 |
| 008 - FIXED-LENGTH DATA ELEMENTS--GENERAL INFORMATION | |
| fixed length control field | 160816s1973 ii ||||| |||| 00| d ben d |
| 020 ## - INTERNATIONAL STANDARD BOOK NUMBER | |
| Terms of availability | : Tk. 18.00 |
| 035 ## - SYSTEM CONTROL NUMBER | |
| System control number | (BD-RjUL)48829 |
| 040 ## - CATALOGING SOURCE | |
| Original cataloging agency | BD-RjUL |
| Language of cataloging | ben |
| Transcribing agency | BD-RjUL |
| 041 ## - LANGUAGE CODE | |
| Language code of text/sound track or separate title | ben |
| 082 ## - DEWEY DECIMAL CLASSIFICATION NUMBER | |
| Edition number | 23 |
| Classification number | 891.44209 |
| Author mark and year | BHS 1973 |
| 100 ## - MAIN ENTRY--PERSONAL NAME | |
| Personal name | ভট্টাচার্য, আশুতোষ |
| 9 (RLIN) | 135242 |
| 245 10 - TITLE STATEMENT | |
| Title | শতবর্ষে নাট্যশালা / |
| Statement of responsibility, etc. | আশুতোষ ভট্টাচার্য, অজিতকুমার ঘোষ |
| 260 ## - PUBLICATION, DISTRIBUTION, ETC. (IMPRINT) | |
| Place of publication, distribution, etc. | কলিকাতা : |
| Name of publisher, distributor, etc. | জাতীয় সাহিত্য পরিষদ, |
| Date of publication, distribution, etc. | ১৯৭৩ |
| 300 ## - PHYSICAL DESCRIPTION | |
| Pagination | ৪৬৮ পৃ. ; |
| Size | ১৯ সেমি |
| 500 ## - GENERAL NOTE | |
| General note | [ বাংলা সাধারন নাট্যশালা শতবর্ষপূর্তি উৎসব সমিতির উদ্যোগে প্রকাশিত স্মারক গ্রন্থ ] |
| 650 ## - SUBJECT ADDED ENTRY--TOPICAL TERM | |
| Topical term or geographic name as entry element | বাংলা নাটক |
| General subdivision | ইতিহাস ও সমালোচনা |
| 9 (RLIN) | 123674 |
| Topical term or geographic name as entry element | Bengali Drama |
| General subdivision | History and Criticism |
| 9 (RLIN) | 122764 |
| 700 ## - ADDED ENTRY--PERSONAL NAME | |
| Personal name | ঘোষ, অজিতকুমার |
| 942 ## - ADDED ENTRY ELEMENTS (KOHA) | |
| Source of classification or shelving scheme | Dewey Decimal Classification |
| Koha item type | Books |
| Lost status | Source of classification or shelving scheme | Damaged status | Not for loan | Collection code | Permanent Location | Current Location | Shelving location | Date acquired | Source of acquisition | Cost, normal purchase price | Total Checkouts | Full call number | Date last seen | Copy number | Koha item type |
|---|---|---|---|---|---|---|---|---|---|---|---|---|---|---|---|
| Dewey Decimal Classification | Non-fiction | Central Library, University of Rajshahi | Central Library, University of Rajshahi | 16/11/1979 | India Int. Cal. | 20.00 | B 891.44209 BHS 1973 | 16/08/2016 | C-2 | Books | |||||
| Dewey Decimal Classification | Non-fiction | Central Library, University of Rajshahi | Central Library, University of Rajshahi | 26/02/2013 | Library, RU | 18.00 | B 891.44209 BHS 1973 | 17/08/2016 | C-3 | Books | |||||
| Dewey Decimal Classification | Non-fiction | Central Library, University of Rajshahi | Central Library, University of Rajshahi | 26/02/2013 | Library, RU | 18.00 | B 891.44209 BHS 1973 | 17/08/2016 | C-4 | Books | |||||
| Dewey Decimal Classification | Non-fiction | Central Library, University of Rajshahi | Central Library, University of Rajshahi | 26/02/2013 | Library, RU | 18.00 | B 891.44209 BHS 1973 | 17/08/2016 | C-5 | Books | |||||
| Dewey Decimal Classification | Not For Loan | Non-fiction | Central Library, University of Rajshahi | Central Library, University of Rajshahi | Reading Room | 04/11/1978 | Calcutta, India International | 20.00 | B 891.44209 BHS 1973 | 04/03/2017 | C-1 | Books |